|
|
|
|
| LEADER |
01117nam a2200301 a 4500 |
| 001 |
24134 |
| 003 |
BD-DhAAL |
| 008 |
111228s2011 maua b 000 0 eng d |
| 999 |
|
|
|c 11701
|d 11701
|
| 010 |
|
|
|a 2009049562
|
| 020 |
|
|
|a 9780205778768 (pbk.)
|
| 020 |
|
|
|a 0205778763 (pbk.)
|
| 040 |
|
|
|a DLC
|c DLC
|d YDX
|d YDXCP
|d CDX
|d DLC
|d BD-DhAAL
|
| 082 |
0 |
0 |
|a 327
|2 23
|
| 245 |
0 |
0 |
|a International politics :
|b enduring concepts and contemporary issues /
|c [edited] by Robert J. Art, Robert Jervis.
|
| 250 |
|
|
|a 10th ed.
|
| 260 |
|
|
|a Boston :
|b Longman,
|c c2011.
|
| 300 |
|
|
|a xii, 596 p. :
|b ill. ;
|c 23 cm.
|
| 504 |
|
|
|a Includes bibliographical references.
|
| 541 |
1 |
|
|e 00024134
|
| 650 |
|
0 |
|a International relations.
|9 39982
|
| 650 |
|
0 |
|a World politics
|y 1989-
|9 39983
|
| 650 |
|
0 |
|a Globalization.
|9 39984
|
| 700 |
1 |
|
|a Art, Robert J.
|9 39985
|
| 700 |
1 |
|
|a Jervis, Robert,
|d 1940-
|9 39986
|
| 852 |
1 |
|
|a Ayesha Abed Library
|j General Stacks
|
| 942 |
|
|
|2 ddc
|c BK
|
| 952 |
|
|
|0 0
|1 0
|4 0
|6 327_INT
|7 0
|9 19028
|a BRACUL
|b BRACUL
|c GEN
|d 2011-12-29
|e Karim International
|g 6300.00
|l 6
|m 57
|o 327 INT
|p 3010024134
|r 2025-11-16
|s 2025-11-10
|t 1
|w 2011-12-29
|y BK
|